Word Ladder: Raiders of the Lost Ark Advice Quiz Stats

 Plays Quiz Updated Apr 16, 2015

Challenge
Share
Tweet
Embed
Score 0/25 Timer 03:00
1 Play Today
Hint Answer % Correct
✧ ____ Worry, Be Happy ✧ ☠ DON'T ☠
99.9%
Twelve inchesFOOT
98.1%
Times New Roman or HelveticaFONT
97%
_____ there, done thatBEEN
96.2%
A pre-adultTEEN
95.9%
✧ What you cover with a mask ✧ ☠ FACE ☠
95.7%
✧ To direct one's eyes ✧ ☠ LOOK! ☠
94.9%
Treasure of riches, often stolenLOOT
94.6%
Farm structureBARN
94.5%
Contest of speedRACE
94.2%
Price to ride the busFARE
94.1%
✧ Ice cream in the sun will do this ✧ ☠ MELT ☠
94%
NudeBARE
92.9%
Hint Answer % Correct
Swiss capital cityBERN
92.1%
To desireWANT
91.9%
✧ '____ Get Fooled Again' ✧ ☠ WON'T ☠
90%
In the Alps: ____ BlancMONT
87.3%
Long, angry complaintRANT
86.9%
To shed skin like a snakeMOLT
86.9%
Holder for wine or gunsRACK
85.6%
Surname of hobbit PeregrinTOOK
82.8%
Placement in a hierarchyRANK
82.1%
Roger Rabbit, e.g.TOON
81.2%
✧ At that point in the past ✧ ☠ THEN, ☠
80.5%
Mara- or Tele- enderTHON
76%

Today's Daily Dose

You're not logged in!

Compare scores with friends on all Sporcle quizzes.
Join for Free
OR
Log In

You Might Also Like...

Show Comments

Extras

Top Quizzes Today


Score Distribution

Your Account Isn't Verified!

In order to create a playlist on Sporcle, you need to verify the email address you used during registration. Go to your Sporcle Settings to finish the process.

Report this User

Report this user for behavior that violates our Community Guidelines.

Details: